000 00613cam a2200241 4500
001 J83774
008 090401t1997 xxu||||| |||| 00| 0 eng d
022 _a01415875
035 _a(Sirsi) u78156
041 _aeng
050 _a690.026
245 _aBuilding law reports. - 80
260 _aHarlow
_bAddison Wesley Longman
_c1997
300 _avi,159p. ; 21cm.
350 _a0
650 _aBUILDING LAW REPORTS
650 _aCONSTRUCTION INDUSTRY
650 _aLAW REPORTS
690 _aBUILDING AND CONSTRUCTION-CASE LAW
700 _aLloyd, Humphrey
_xEditor
942 _n0
948 _c02/05/1997
999 _c96397
_d96397